000 00405nam a2200169Ia 4500
001 866
003 IN-NITTTR
005 20251114232904.0
008 251113s9999||||xx |||||||||||||| ||eng||
040 _beng
040 _cIN-NITTTR
041 _aeng
082 _a621.381902 C645I
100 _aCockrell, William D.
245 0 _aIndustrial electronics handbook. /
_cCockrell, William D.
942 _2ddc
_cBK
999 _c696
_d696